000 01081nam a22003257a 4500
003 CHAP
005 20220329134024.0
008 971013s1966 r 00010 d
010 _a14227
011 _a15199
035 _a19274
040 _cCHAP
090 _aTesis
100 0 0 _aCastillo Trulín, Manuel del.
_920231
245 _aAspectos sociales y económicos derivados de la explotación actual y futura del Achras zapota (Linn)
260 _aChapingo, Méx. :
_bEl autor,
_c1966
300 _apág. varía
502 _aTesis (Ing. Agr. Esp. en Bosques) -- ENA. Departamento de Bosques
590 _aALEPH
_b10
_c20130110
_lUCH01
_h1235
590 _aBATCH-UPD
_b10
_c20130110
_lUCH01
_h0156
590 _aBATCH-UPD
_b10
_c20130110
_lUCH01
_h2216
590 _aBATCH-UPD
_b10
_c20130409
_lUCH01
_h2158
590 _aBATCH-UPD
_b10
_c20130914
_lUCH01
_h0858
590 _aCONVERSION
_b10
_c20130109
_lUCH01
_h1309
650 1 4 _aChicle.
_922268
901 _aBK
942 _cFOLL
949 _bBC
_cTES
_d-44660
_eTS1
_i19274
_si
949 _bBC
_cTES
_d-44661
_eTS2
_fc.2
_i19274
_si
999 _c14227
_d14227